Voces de la memoria : pensionado de zapiola 428 /
Guardado en:
| Autor Principal: | |
|---|---|
| Otros Autores: | |
| Formato: | Libro |
| Publicado: |
Bahía Blanca :
Pami,
2013
|
| Materias: | |
| Etiquetas: |
Agregar Etiqueta
Sin Etiquetas, Sea el primero en etiquetar este registro!
|
| LEADER | 01366nam a22002175a 4500 | ||
|---|---|---|---|
| 001 | CEM.cems014513 | ||
| 005 | 20141114155719.0 | ||
| 008 | 130507s2013##################000#0#####d | ||
| 003 | CEMS | ||
| 082 | 0 | 4 | |a 982.1 |
| 100 | 1 | |a Rodríguez, Beatriz | |
| 245 | 1 | 0 | |a Voces de la memoria : |b pensionado de zapiola 428 / |c Beatriz Rodríguez y Elsa Calzetta Coordinadoras |
| 260 | |a Bahía Blanca : |b Pami, |c 2013 | ||
| 300 | |a 193 p. | ||
| 500 | |a Voces de la memoria recupera a través de entrevistas las impresiones que de éstas surgieron, veinte años vividos en el Pensionado católico de Zapiola 428. El mismo surge por iniciativa de los muchachos que llegaban a la ciudad de la zona y fue comprado y autogestionado por los mismos. Abrió sus puertas desde 1956 hasta los meses previos a la última dictadura militar. Albergó a estudiantes algunos de los que no sólo obtuvieron un título universitario, sino que soñaron con un mundo más justo, soportando la persecución, el exilio, la cárcel o la muerte. Algunos de sus sobrevivientes trabajan en la actualidad para recuperar la memoria, la justicia y ofrecen su voz, para los que han sido silencionados se hagan oir | ||
| 653 | |a Historia | ||
| 653 | |a Historia bahiense | ||
| 653 | |a Memoria | ||
| 653 | |a Dictadura | ||
| 700 | 1 | |a Calzetta, Elsa; coord. | |
| 859 | |a CEMS |b BIB. CEMS - 11 de abril |h 982.1 |i R681 |p 27077.14 |t Ej.1 | ||
